Храм: [триллер]

Dades bibliogràfiques
Autor principal: Акимов И. А. Игорь Алексеевич
Sumari:«Храм» — классический триллер, тяжкая одиссея души; плата души за познание истины. Если бы «Храм» был опубликован пятнадцать лет назад, не было бы нужды объяснять, кто таков его автор, Игорь Акимов, потому что в то время вся молодежь зачитывалась его «Мальчиком, который умел летать» (книгой о природе таланта). Если бы «Храм» был опубликован двадцать пять лет назад, для читателей он был бы очередной книгой автора боевиков «Баллада об ушедших на задание» и «Обезьяний мост».Если бы «Храм» был опубликован тридцать пять лет назад, его бы приняли, как очередную книгу автора повести «Дот», которую — без преувеличения — прочитала вся страна.У каждого — к его Храму — свой путь.
Idioma:rus
Publicat: Москва, ОЛМА Медиа Групп, 2008
Matèries:
Format: Llibre
KOHA link:https://koha.lib.tpu.ru/cgi-bin/koha/opac-detail.pl?biblionumber=237733

MARC

LEADER 00000nam0a2200000 4500
001 237733
005 20231101231546.0
010 |a 9785373020602 
035 |a (RuTPU)RU\TPU\book\258908 
090 |a 237733 
100 |a 20130517d2008 m y0rusy50 ca 
101 0 |a rus 
102 |a RU 
105 |a y z 000ay 
200 1 |a Храм  |e [триллер]  |f И. А. Акимов 
210 |a Москва  |c ОЛМА Медиа Групп  |d 2008 
215 |a 255 с. 
330 |a «Храм» — классический триллер, тяжкая одиссея души; плата души за познание истины. Если бы «Храм» был опубликован пятнадцать лет назад, не было бы нужды объяснять, кто таков его автор, Игорь Акимов, потому что в то время вся молодежь зачитывалась его «Мальчиком, который умел летать» (книгой о природе таланта). Если бы «Храм» был опубликован двадцать пять лет назад, для читателей он был бы очередной книгой автора боевиков «Баллада об ушедших на задание» и «Обезьяний мост».Если бы «Храм» был опубликован тридцать пять лет назад, его бы приняли, как очередную книгу автора повести «Дот», которую — без преувеличения — прочитала вся страна.У каждого — к его Храму — свой путь. 
606 1 |a Русская литература современная  |2 stltpush  |3 (RuTPU)RU\TPU\subj\26373  |9 50316 
610 1 |a романы 
610 1 |a триллеры 
610 1 |a боевики 
675 |a Р2  |v 3 
700 1 |a Акимов  |b И. А.  |g Игорь Алексеевич 
801 1 |a RU  |b 63413507  |c 20130517 
801 2 |a RU  |b 63413507  |c 20130523  |g RCR 
942 |c BK